La citoyenneté politique des femmes (notice n° 1925792)
[ vue normale ]
| 000 -LEADER | |
|---|---|
| fixed length control field | 01250cam a2200133 4500500 |
| 005 - DATE AND TIME OF LATEST TRANSACTION | |
| control field | 20260329023241.0 |
| 041 ## - LANGUAGE CODE | |
| Language code of text/sound track or separate title | fre |
| 042 ## - AUTHENTICATION CODE | |
| Authentication code | dc |
| 100 10 - MAIN ENTRY--PERSONAL NAME | |
| Personal name | Marques-Pereira, Bérengère |
| Relator term | author |
| 245 00 - TITLE STATEMENT | |
| Title | La citoyenneté politique des femmes |
| 260 ## - PUBLICATION, DISTRIBUTION, ETC. | |
| Name of publisher, distributor, etc. | Armand Colin,<br/> |
| Date of publication, distribution, etc. | 2003.<br/> |
| 520 ## - SUMMARY, ETC. | |
| Summary, etc. | Cet ouvrage se propose de lire la citoyenneté politique des femmes au travers des acquis de la sociologie politique. Il retrace les chemins de l’exclusion et de l’inclusion des femmes dans la vie politique de divers pays européens et américains dont les traditions politiques autorisent les comparaisons. Il confronte plus particulièrement les systèmes français, belges et britanniques. Cet ouvrage s’adresse aux étudiants de science politique, de sociologie et d’histoire contemporaine.Fondements théoriques et expériences historiques. Les origines de la logique d’exclusion/inclusion politique des femmes. De l’exclusion politique à l’inclusion. Enjeux actuels. Construction internationale de l’égalité civile et politique des femmes. Genre, citoyenneté et représentation. Quotas et parité. |
| 856 41 - ELECTRONIC LOCATION AND ACCESS | |
| Uniform Resource Identifier | <a href="https://shs.cairn.info/la-citoyennete-politique-des-femmes--9782247049035?lang=fr&redirect-ssocas=7080">https://shs.cairn.info/la-citoyennete-politique-des-femmes--9782247049035?lang=fr&redirect-ssocas=7080</a> |
Pas d'exemplaire disponible.




Réseaux sociaux